000 00288nam a2200121Ia 4500
008 230818s9999 xx 000 0 und d
041 _aeng
245 _aStrategic Management
260 _bZerox Copy
300 _a290p
520 _aGeneral
999 _c852932
_d852932
650 _aHospitality Strategic Management